Mito y epopeya
Saved in:
| 主要作者: | |
|---|---|
| 格式: | 圖書 |
| 語言: | 西班牙语 |
| 出版: |
Ciudad de México
Fondo de Cultura Económica
1996
|
| 叢編: | Sección de Obras de Historia
|
| 主題: | |
| 標簽: |
添加標簽
沒有標簽, 成為第一個標記此記錄!
|
MARC
| LEADER | 00000nam a2200000 a 4500 | ||
|---|---|---|---|
| 001 | UCR6910 | ||
| 003 | CL-VaPUC | ||
| 008 | 980424e19960000MX |||||||||||||||||spa|d | ||
| 082 | 0 | 4 | |a 291.13 |b DUM |2 21 |
| 100 | 0 | |a Dumézil, Georges |e author |9 408117 | |
| 245 | 1 | 0 | |a Mito y epopeya |
| 300 | |a v | ||
| 942 | |c BK | ||
| 945 | |d 19980424 00:00:00 |a rbrito | ||
| 260 | |a Ciudad de México |b Fondo de Cultura Económica |c 1996 | ||
| 500 | |a v 2.Tipos épicos indoeuropeos:un héroe, un brujo, un rey | ||
| 500 | |a v3.Historias romanas | ||
| 650 | 0 | |a Religiones |9 265211 | |
| 650 | 0 | |a Hinduismo |9 265212 | |
| 650 | 0 | |a Mitología |9 255719 | |
| 650 | 7 | |a BRUJERIAS |2 CL-VaPUC |9 356978 | |
| 583 | |a last modification |c 19980424 00:00:00 |k Rodrigo Vera | ||
| 490 | 0 | |a Sección de Obras de Historia | |
| 999 | |c 268802 |d 268800 | ||
| 952 | |0 0 |1 0 |4 0 |6 291_130000000000000_DUM_1996 |7 0 |8 A |9 302204 |a BIBART |b BIBART |d 2019-11-20 |h v.2 |i 3420523 |o 291.13 DUM 1996 |p 3420523 |r 2025-03-13 |w 2019-11-20 |y BK |k ART | ||
| 952 | |0 0 |1 0 |4 0 |6 291_130000000000000_DUM_1996 |7 0 |8 A |9 302205 |a BIBART |b BIBART |d 2019-11-20 |h v.3 |i 3420531 |o 291.13 DUM 1996 |p 3420531 |r 2025-03-13 |w 2019-11-20 |y BK |k ART | ||